00726nam a2200121Ia 4500008004100000020001800041245013700059260002200196440005900218650026000277650002200537856004500559171212s9999 xx 000 0 und d a9781925021882 ceditor Biddle, N.;Al-Yaman, F.;Gourley, M.;Gray, M.;Bray, J. R.aIndigenous Australians and the National Disability Insurance Scheme bANU E Pressc2014 aCentre for Aboriginal Economic Policy Research (CAEPR) aNational Disability Insurance Scheme (Australia); Aboriginal Australians with disabilities -- Services for -- Australia; Aboriginal Australians with disabilities -- Care -- Australia; Aboriginal Australians with disabilities -- Government policy -- Austra aPolitical Science uhttp://www.jstor.org/stable/j.ctt13wwvnq